000 05013nam a22005417a 4500
008 090122t xxu||||| |||| 00| 0 eng d
010 _aB-358850
020 _a9788184510355
_c75.00
035 _aB-358850
035 _aB-332303-322
037 _bBlueberry Books
040 _adpl
_bEnglish
082 _a384
245 _aWhat is communication?:
_band other questions about communication /
_ccompiled by Meesha Khanna; illustrated by Kiran and Mohan and Dayal
260 _aNew Delhi
_bDreamland Publications
_c2008
270 _aJ-128, Kriti Nagar
_bNew Delhi
_e110015
300 _a31p.:
_bcol. ill.
_c26cm(pbk)
490 _aI want to know about-7
500 _aIncludes index
700 _aKhanna, Meesha
700 _aKiran
700 _aMohan
700 _aDayal
942 _2ddc
_cCH
_mWHA
_h384
999 _c22241
_d22241